Primera crónica general de España / (Record no. 22206)
[ view plain ]
| 000 -LEADER | |
|---|---|
| campo de control de longitud fija | 00849nam a2200217 i 4500 |
| 001 - NÚMERO DE CONTROL | |
| campo de control | 22206 |
| 003 - IDENTIFICADOR DE NÚMERO DE CONTROL | |
| campo de control | ES-MaACL |
| 005 - FECHA Y HORA DE LA ÚLTIMA TRANSACCIÓN | |
| campo de control | 20250813040331.0 |
| 007 - CAMPO FIJO DE DESCRIPCIÓN FÍSICA--INFORMACIÓN GENERAL | |
| campo de control de longitud fija | t| |
| 008 - DATOS DE LONGITUD FIJA--INFORMACIÓN GENERAL | |
| campo de control de longitud fija | 021129s1955 sp ||||1| spa d |
| 100 0# - ENTRADA PRINCIPAL--NOMBRE DE PERSONA | |
| Nombre de persona | Alfonso |
| Numeración | X, |
| Títulos y otros términos asociados al nombre | Rey de Castilla |
| 9 (RLIN) | 19872 |
| 245 10 - MENCIÓN DEL TÍTULO | |
| Título | Primera crónica general de España / |
| Mención de responsabilidad, etc. | que mandó componer Alfonso el Sabio y se continuaba bajo Sancho IV en 1289 ; publicada por Ramón Menéndez Pidal. |
| 260 ## - PUBLICACIÓN, DISTRIBUCIÓN, ETC. | |
| Lugar de publicación, distribución, etc. | Madrid : |
| Nombre del editor, distribuidor, etc. | Gredos, |
| Fecha de publicación, distribución, etc. | 1955. |
| 300 ## - DESCRIPCIÓN FÍSICA | |
| Extensión | 2 v. ; |
| Dimensiones | 28 cm. |
| 500 ## - NOTA GENERAL | |
| Nota general | Precede a tít.: Universidad de Madrid, Facultad de Filosofía y Letras. |
| 700 1# - ENTRADA AGREGADA--NOMBRE PERSONAL | |
| Nombre de persona | Menéndez Pidal, Ramón, |
| Fechas asociadas al nombre | 1869-1968 |
| 9 (RLIN) | 80315 |
| 700 1# - ENTRADA AGREGADA--NOMBRE PERSONAL | |
| Nombre de persona | Sancho |
| Numeración | IV |
| Títulos y otros términos asociados al nombre | , Rey de Castilla. |
| 9 (RLIN) | 103042 |
| 710 2# - ENTRADA AGREGADA--NOMBRE DE ENTIDAD CORPORATIVA | |
| Nombre de entidad corporativa o nombre de jurisdicción como elemento de entrada | Universidad de Madrid. |
| Unidad subordinada | Facultad de Filosofía y Letras. |
| 9 (RLIN) | 7214 |
| 852 ## - LOCALIZACIÓN | |
| Ubicación | ES-MaACL |
| Número de control de estantería | C-8591-2 |
| Sublocalización o colección | R.38666 |
| Estatus retirado | Estado de pérdida | Estado de daño | No para préstamo | Biblioteca de origen | Biblioteca actual | Ubicación en estantería | Fecha de adquisición | Fuente de adquisición | Total de préstamos | Signatura topográfica completa | Código de barras | Visto por última vez | Precio de reemplazo | Tipo de ítem Koha |
|---|---|---|---|---|---|---|---|---|---|---|---|---|---|---|
| Biblioteca del Ateneo de Madrid | Biblioteca del Ateneo de Madrid | Sala Palomar | 17/01/2008 | C-8591-2 | 1022855 | 23/02/2023 | 23/02/2023 | Libro impreso |
